Low tech hacking : (Record no. 25494)
[ view plain ]
| 000 -LEADER | |
|---|---|
| fixed length control field | 01046nam a2200265 a 4500 |
| 005 - DATE AND TIME OF LATEST TRANSACTION | |
| control field | 20140310183625.0 |
| 008 - FIXED-LENGTH DATA ELEMENTS--GENERAL INFORMATION | |
| fixed length control field | 120907s19uu xx 00 eng d |
| 020 ## - INTERNATIONAL STANDARD BOOK NUMBER | |
| International Standard Book Number | 9781597496650 |
| 050 ## - LIBRARY OF CONGRESS CALL NUMBER | |
| Classification number | QA 76.9.A25 |
| Item number | .L68 2012 |
| 100 ## - MAIN ENTRY--PERSONAL NAME | |
| Personal name | Wiles, Jack |
| 245 ## - TITLE STATEMENT | |
| Title | Low tech hacking : |
| Remainder of title | street smarts for security professionals / |
| Statement of responsibility, etc | Jack Wiles ... [et al.]. |
| 260 ## - PUBLICATION, DISTRIBUTION, ETC. (IMPRINT) | |
| Place of publication, distribution, etc | Waltham, Mass : |
| Name of publisher, distributor, etc | Syngress, |
| Date of publication, distribution, etc | 2012. |
| 300 ## - PHYSICAL DESCRIPTION | |
| Extent | xix, 243 p. : |
| Other physical details | ill. ; |
| Dimensions | 25 cm. |
| 500 ## - GENERAL NOTE | |
| General note | Includes bibliographical references and index |
| 520 ## - SUMMARY, ETC. | |
| Summary, etc | Criminals using hacking techniques can cost corporations, governments, and individuals millions of dollars each year. This title contains descriptions of potential threats and vulnerabilities, many of which the majority of the information systems world may be unaware |
| 521 ## - TARGET AUDIENCE NOTE | |
| Target audience note | |
| 650 ## - SUBJECT ADDED ENTRY--TOPICAL TERM | |
| Topical term or geographic name as entry element | Computer security |
| 650 ## - SUBJECT ADDED ENTRY--TOPICAL TERM | |
| Topical term or geographic name as entry element | Computer hackers |
| 700 ## - ADDED ENTRY--PERSONAL NAME | |
| Personal name | Gudaitis, Terry |
| 700 ## - ADDED ENTRY--PERSONAL NAME | |
| Personal name | Jabbusch, Jennifer |
| 700 ## - ADDED ENTRY--PERSONAL NAME | |
| Personal name | Rogers, Russ |
| 700 ## - ADDED ENTRY--PERSONAL NAME | |
| Personal name | Lowther, Sean |
| 942 ## - ADDED ENTRY ELEMENTS (KOHA) | |
| Koha item type | Books |
| Source of classification or shelving scheme | Library of Congress Classification |
| Call number prefix | Foreign |
| Withdrawn status | Lost status | Source of classification or shelving scheme | Damaged status | Home library | Current library | Shelving location | Date acquired | Source of acquisition | Total Checkouts | Total Renewals | Full call number | Barcode | Date last seen | Date checked out | Copy number | Price effective from | Koha item type |
|---|---|---|---|---|---|---|---|---|---|---|---|---|---|---|---|---|---|
| Library of Congress Classification | College Library | College Library | Graduate Section | 01/09/2014 | Donation | 1 | 10 | QA 76.9.A25 .L68 2012 | C15588 | 05/15/2018 | 08/09/2016 | 1 | 01/09/2014 | Books |